Detalles MARC
| 000 -CABECERA |
| campo de control de longitud fija |
02533nam a2200361 a 4500 |
| 001 - NÚMERO DE CONTROL |
| campo de control |
000010680 |
| 003 - IDENTIFICADOR DEL NÚMERO DE CONTROL |
| campo de control |
DO-SdBNP |
| 005 - FECHA Y HORA DE LA ÚLTIMA TRANSACCIÓN |
| campo de control |
20240307073945.0 |
| 007 - CAMPO FIJO DE DESCRIPCIÓN FÍSICA--INFORMACIÓN GENERAL |
| campo de control de longitud fija |
ta |
| 008 - DATOS DE LONGITUD FIJA--INFORMACIÓN GENERAL |
| campo de control de longitud fija |
091009s1986 dr abd 000 0 spa d |
| 040 ## - FUENTE DE LA CATALOGACIÓN |
| Centro catalogador/agencia de origen |
DO-SdBNP |
| Lengua de catalogación |
spa |
| Centro/agencia transcriptor |
BNPHU |
| 082 ## - NÚMERO DE LA CLASIFICACIÓN DECIMAL DEWEY |
| Número de clasificación |
616.9652 |
| Número de documento/Ítem |
E56f |
| 111 2# - ENTRADA PRINCIPAL--NOMBRE DE CONGRESO/REUNIÓN |
| Nombre de congreso/reunión o jurisdicción como elemento de entrada |
Encuentro sobre Filariasis en la República Dominicana |
| Fecha del congreso/reunión |
(1980 : |
| Sede del congreso/Lugar de la reunión |
Santo Domingo, República Dominicana) |
| 9 (RLIN) |
25857 |
| 245 10 - MENCIÓN DE TÍTULO |
| Título |
Filariasis en la República Dominicana / |
| Mención de responsabilidad, etc. |
edición Josefina, Pérez Marrero ; prólogo Fernando Sánchez Martínez ; presentación Héctor Read. |
| 260 ## - PUBLICACIÓN, DISTRIBUCIÓN, ETC. |
| Lugar de publicación, distribución, etc. |
Santo Domingo : |
| Nombre del editor, distribuidor, etc. |
Universitaria, |
| Fecha de publicación, distribución, etc. |
1986. |
| 300 ## - DESCRIPCIÓN FÍSICA |
| Extensión |
187 p. : |
| Otras características físicas |
il., map. gráf. ; |
| Dimensiones |
21 cm. |
| 490 1# - MENCIÓN DE SERIE |
| Mención de serie |
Publicaciones de la Universidad Autónoma de Santo Domingo |
| Designación de volumen o secuencia |
457 |
| 490 1# - MENCIÓN DE SERIE |
| Mención de serie |
Ciencia y tecnología |
| Designación de volumen o secuencia |
21 |
| 500 ## - NOTA GENERAL |
| Nota general |
Incluye bibliografía al final de los capitulos |
| 500 ## - NOTA GENERAL |
| Nota general |
Incluye referencias bibliográficas y notas al pie de las páginas. |
| 505 0# - NOTA DE CONTENIDO CON FORMATO |
| Nota de contenido con formato |
Dedicatoria -- Liminar -- Filariasis en la República Dominicana / Héctor Read B. -- Acerca de la filariasis en Santo Domingo / Héctor Rad B. -- Filariasis y elefantiasis / Sixto S. Incháustegui C. -- Contribucción al estudio de la Wuchereria Bancrofti como productora de eosinofilia en Santo Domingo / Mercedes Vargas de Gómez, Nidia Vargas de Matos, María Castillo y Bélgica L. Santos -- Observaciones preliminares sobre filaria en Santo Domingo, con una población provinientes de diversas areas del pais / Ivelisse Acosta Reyes, Digna Rivera Roldán, Regina Vega -- Filariasis en Santo Domingo / Elsa Vallejo -- Incidencia y periodicidad de Bancrofti en sangre tomada de dia Batey Ocho del Central Romana / Mercedes Vargas de Gómez, Evangelina Abréu y Nidia Vargas Matos -- Filariasis en una población rural de República Dominicana -- Tratamiento de las Quilarias Filaricas / Clarence Eduardo Charles Dunlop. |
| 590 ## - NOTA LOCAL (RLIN) |
| Nota local |
Inventariado,2018/DG |
| 650 #4 - PUNTO DE ACCESO ADICIONAL DE MATERIA--TÉRMINO DE MATERIA |
| Término de materia o nombre geográfico como elemento de entrada |
Filariasis |
| Subdivisión geográfica |
República Dominicana |
| Subdivisión de forma |
CONGRESOS, CONFERENCIAS, ETC. |
| 9 (RLIN) |
25858 |
| 650 #4 - PUNTO DE ACCESO ADICIONAL DE MATERIA--TÉRMINO DE MATERIA |
| Término de materia o nombre geográfico como elemento de entrada |
Enfermedades parasitarias |
| Subdivisión de forma |
CONGRESOS, CONFERENCIAS, ETC. |
| 9 (RLIN) |
25859 |
| 650 #4 - PUNTO DE ACCESO ADICIONAL DE MATERIA--TÉRMINO DE MATERIA |
| Término de materia o nombre geográfico como elemento de entrada |
Elefantiasis |
| Subdivisión de forma |
CONGRESOS, CONFERENCIAS, ETC. |
| 9 (RLIN) |
25860 |
| 700 12 - PUNTO DE ACCESO ADICIONAL--NOMBRE DE PERSONA |
| Nombre de persona |
Pérez Marrero, Josefina, |
| Término indicativo de función/relación |
ed. |
| 9 (RLIN) |
25861 |
| 700 12 - PUNTO DE ACCESO ADICIONAL--NOMBRE DE PERSONA |
| Nombre de persona |
Sánchez, Fernando, |
| Término indicativo de función/relación |
pról. |
| 9 (RLIN) |
25862 |
| 700 12 - PUNTO DE ACCESO ADICIONAL--NOMBRE DE PERSONA |
| Nombre de persona |
Read, Héctor |
| 9 (RLIN) |
25863 |
| 710 12 - PUNTO DE ACCESO ADICIONAL--NOMBRE DE ENTIDAD CORPORATIVA |
| Nombre de entidad corporativa o nombre de jurisdicción como elemento de entrada |
Universidad Autónoma de Santo Domingo |
| 9 (RLIN) |
72951 |
| 830 #0 - PUNTO DE ACCESO ADICIONAL DE SERIE-TÍTULO UNIFORME |
| Título uniforme |
Publicaciones de la Universidad Autónoma de Santo Domingo |
| Designación de volumen o secuencia |
457 |
| Nombre de parte o sección de la obra |
Ciencia y tecnología |
| Número de parte o sección de la obra |
21 |
| 9 (RLIN) |
25864 |
| 910 ## - DATOS DE OPCIÓN DEL USUARIO (OCLC) |
| Datos de opción del usuario |
Validado. Control de calidad MFF |
| 942 ## - ELEMENTOS DE PUNTO DE ACCESO ADICIONAL (KOHA) |
| Fuente del sistema de clasificación o colocación |
Dewey Decimal Classification |
| Tipo de ítem Koha |
Libro |